| 000 | 00637nam a22001937a 4500 | ||
|---|---|---|---|
| 003 | OSt | ||
| 005 | 20240919143958.0 | ||
| 008 | 240919b ||||| |||| 00| 0 eng d | ||
| 040 | _cAIMIT LIBRARY | ||
| 100 |
_aPinto, Vishal. _e2216233 _9179562 |
||
| 245 |
_aStudy on impact of digital marketing on consumer purchase decesion / _cBy Vishal Pinto ; Guided by Harinakshi. |
||
| 260 |
_aMangalore ; _c2024. |
||
| 650 |
_aReview of the litrature _9179563 |
||
| 650 |
_aResearch methodology _9179564 |
||
| 650 |
_aData analysis and interpretation _9179565 |
||
| 700 |
_aHarinakshi. _eGuide _9179566 |
||
| 856 | _3Satellus | ||
| 942 |
_2ddc _cPRO |
||
| 999 |
_c231846 _d231846 |
||